Geografía española II - Estadísticas

Estadísticas generales
  • Esta prueba ha sido intentada 2.842 veces
    2.745 desde el último reinicio
  • La puntuación promedio es 8 de 20
Estadísticas de respuestas
Pregunta Respuesta % Correcto
¿Cuál es la isla más grande por superficie de España? Mallorca
90%
¿En qué provincia se encuentra Mérida? Badajoz
84%
¿En qué isla se ubica el punto más oriental? Menorca
65%
¿Qué río sirve como frontera entre Pontevedra y Portugal? Miño
63%
¿Qué ciudad se conoce como la «Nueva York del Mediterráneo»? Benidorm
62%
¿Cuál es la provincia más pequeña por superficie? Guipúzcoa
50%
¿Cuál es la segunda ciudad más poblada de la Comunidad de Madrid? Móstoles
47%
¿Cuál es el gentilicio de Salamanca? Salmantino
44%
¿Qué adjetivo describe las provincias que también son CC. AA. enteras? Uniprovincial
44%
¿En qué plaza se encuentra el kilómetro cero de la red radial? Puerta del Sol
40%
¿Cuál es el código IATA del aeropuerto de Barcelona? BCN
39%
¿Qué accidente geomorfológico, distinto de un fiordo, se encuentra en Galicia? Ría
38%
¿Qué especie de águila que en 1995 se reconoció como especie distinta es endémica a la península ibérica? Águila {imperial} ibérica
24%
¿De qué se considera Olvera una de las puertas? Ruta de los Pueblos {Blancos}
23%
¿Qué Bien de Interés Cultural en Santander albergaba la familia real? Palacio de la Magdalena
22%
¿Cuál es el edificio más alto del país? Torre de Cristal
18%
¿Qué tiene el nombre Bizkaiko golkoa en euskera? Golfo de Vizcaya
17%
¿Dónde está la cabecera del Departamento Naval de la Zona Marítima del Cantábrico? Ferrol
16%
¿Qué volcán hizo erupción en 2021? Tajogaite
12%
¿Con qué ciudad se une Soria para formar un diócesis? Osma
5%
No se encontraron pruebas coincidentes
Distribución de puntuación
Porcentaje de gente con cada puntuación
Porcentaje por número respondido
Historial de tus puntuaciones
No has intentado esta prueba desde el último reinicio